The plague (Record no. 10894)
[ view plain ]
| 000 -LEADER | |
|---|---|
| fixed length control field | 00383 a2200157 4500 |
| 020 ## - INTERNATIONAL STANDARD BOOK NUMBER | |
| International Standard Book Number | 9780141185132 |
| 082 ## - DEWEY DECIMAL CLASSIFICATION NUMBER | |
| Classification number | 843.914 |
| 090 ## - LOCALLY ASSIGNED LC-TYPE CALL NUMBER (OCLC); LOCAL CALL NUMBER (RLIN) | |
| -- | 7089 |
| -- | 7089 |
| 100 ## - MAIN ENTRY--PERSONAL NAME | |
| Personal name | Camus, Albert |
| 245 ## - TITLE STATEMENT | |
| Title | The plague |
| Statement of responsibility, etc. | Albert Camus |
| 260 ## - PUBLICATION, DISTRIBUTION, ETC. | |
| Place of publication, distribution, etc. | New York |
| Name of publisher, distributor, etc. | Penguin Group |
| Date of publication, distribution, etc. | 2001 |
| 300 ## - PHYSICAL DESCRIPTION | |
| Extent | 238 p. |
| 650 ## - SUBJECT ADDED ENTRY--TOPICAL TERM | |
| Topical term or geographic name entry element | Plague--French fiction |
| 700 ## - ADDED ENTRY--PERSONAL NAME | |
| Personal name | Albert Camus |
| 942 ## - ADDED ENTRY ELEMENTS (KOHA) | |
| Koha item type | Book |
| Call number prefix | 843.914 CAM |
| Withdrawn status | Lost status | Damaged status | Not for loan | Collection code | Permanent Location | Current Location | Shelving location | Date acquired | Source of acquisition | Cost, normal purchase price | Total Checkouts | Total Renewals | Full call number | Barcode | Date last seen | Date last checked out | Price effective from | Koha item type |
|---|---|---|---|---|---|---|---|---|---|---|---|---|---|---|---|---|---|---|
| Central Library (CL) | Central Library (CL) | General Stacks | 04/20/2012 | Global~Link Information Services | 741.63 | 8 | 3 | 843.914 CAM | SEECS011259 | 12/09/2025 | 09/15/2025 | 01/05/2017 | Book |
